| 000 | 01262nam0a2200313 4500 | ||
|---|---|---|---|
| 001 | RU\NLR\BIBL_A\010821794 | ||
| 005 | 20250614102845.0 | ||
| 021 |
_aRU _b2015-47852 _92847 |
||
| 035 | _a(NLR Aleph) 010821794 | ||
| 090 |
_a10247009 _c10247009 |
||
| 100 | _a20150819d2015 |||y0rusy50 ca | ||
| 101 | 0 |
_aeng _drus |
|
| 102 | _aRU | ||
| 105 | _ay z 000yy | ||
| 200 | 1 |
_aAsymptotics of Lp-norms of Laguerre polynomials and entropic moments of D-dimensional oscillator _fA.I. Aptekarev, D.N. Tulyakov |
|
| 210 |
_aМосква _cИПМ РАН _d2015 |
||
| 215 |
_a15 c _d20 |
||
| 225 | 1 |
_aПрепринты ИПМ им. М.В. Келдыша _dKeldysh Institute preprints _x2071-2898 |
|
| 225 | 1 |
_aПрепринт _fИн-т прикладной математики им. М.В. Келдыша Рос. акад. наук _v№ 41 за 2015 г |
|
| 300 | _aРез. на рус. яз | ||
| 320 | _aБиблиогр.: с. 15 (14 назв.) | ||
| 606 |
_aПолиномы Лагерра _91247209 _3RU\NLR\AUTH\66510115 |
||
| 686 | 1 | _aВ161.637.4 | |
| 700 | 1 |
_aAptekarev _bA.I. _gAleksandr Ivanovič |
|
| 701 | 1 |
_aTuljakov _bD.N. _gDmitrij Nikolaevič |
|
| 942 | _cBOOK | ||
| 980 | _aNB | ||